Normal view
MARC view
Entry Personal Name
001 - CONTROL NUMBER
- control field: 164790
003 - CONTROL NUMBER IDENTIFIER
- control field: OSt
005 - DATE AND TIME OF LATEST TRANSACTION
- control field: 20220923220916.0
008 - FIXED-LENGTH DATA ELEMENTS
- fixed length control field: 220923|| aca||aabn | a|a d
040 ## - CATALOGING SOURCE
- Original cataloging agency: OSt
- Transcribing agency: OSt
100 ## - HEADING--PERSONAL NAME
- Personal name: हर्लोक, एलिजाबेथ बी0
670 ## - SOURCE DATA FOUND
- Source citation: Work cat.: (OSt)344727: हर्लोक, एलिजाबेथ बी0, विकास मनोविज्ञान, अनु गोवर्धन भट्ट, 1967
